Statistics for Top 50 Football Matches of the 2010s

Click here to take the quiz!

General Stats

  • This quiz has been taken 199 times
  • The average score is 34 of 43

Answer Stats

Answer% Correct
Brazil
100%
FC Barcelona
100%
Germany
99%
Real Madrid
99%
France
98%
Manchester United
98%
Argentina
97%
Bayern Munich
97%
Paris Saint-Germain
97%
Spain
97%
Liverpool
96%
Manchester City
95%
Arsenal
94%
Juventus
94%
Netherlands
94%
Portugal
94%
Tottenham Hotspur
94%
Borussia Dortmund
93%
Atletico Madrid
92%
Chelsea
92%
Italy
92%
Inter Milan
91%
Ajax
90%
Croatia
88%
AS Roma
86%
England
83%
AC Milan
81%
Uruguay
76%
Belgium
71%
Lyon
66%
Monaco
64%
Ghana
63%
Wolfsburg
62%
Japan
61%
Queens Park Rangers
60%
Schalke 04
60%
Sweden
57%
Bayer Leverkusen
52%
Iceland
51%
Algeria
41%
Newcastle United
41%
Ukraine
30%
Crystal Palace
19%

Score Distribution

Percentile by Number Answered

Percent of People with Each Score

Your Score History

You have not taken this quiz